Les personnages de Mario Sport Mix - Statistiques

Statistiques générales
  • Ce quiz a été pris 124 fois
  • Le résultat moyen est 13 sur 19
Statistiques - réponses
Groupes Personnages % Correct
Complet Mario
97%
Wario
97%
Daisy
95%
Technique Peach
95%
Toad
95%
Puissance Bowser
92%
Luigi
92%
Waluigi
89%
Yoshi
84%
Donkey Kong
79%
Diddy Kong
71%
Vitesse Bowser Jr.
68%
Ninja
47%
Spécial Mage noir
42%
Mage Blanc
37%
Mog
37%
Pampa
37%
Gluant
32%
Mii
32%
Aucun quiz correspondant
Distribution des résultats
% des personnes avec chaque résultat
Percentile par nombre de réponses
Votre historique - résultats
Vous n’avez pas pris ce quiz